Ty a ja citové kontakty mladých

Bibliographic Details
Main Author: Hanzlíková, A (Author)
Format: Book
Language:Slovak
Published: Bratislava Živena 1989
ISBN:8085177048
Edition:1. vyd.
Subjects:

MARC

LEADER 00000cam a2200000 a 4500
001 vtls009114432
003 SK-MaSNL
005 20260302005426.0
008 240318s1989 xo 000 e slo
020 |a 8085177048  |q (brožované) 
035 |a SKPK20170 
035 |a urn:nbn:sk:snk-am3hfa4 
035 |a 06CD6C0F-921C-45C8-AD79-F2D59DDA507B 
035 |a urn:nbn:sk:snk-am00cya4 
040 |a SNK  |b slo  |c SNK  |e AACR2 
041 0 |a slo 
044 |a xo  |c SK 
080 |a 159.9  |2 1981 
080 |a 177.6  |2 2011 
080 |a 316.361  |2 2011 
080 |a 613.88  |2 2001 
080 |a (0.062)  |2 2011 
100 1 |a Hanzlíková, A  |4 aut  |9 303394 
245 1 0 |a Ty a ja  |b citové kontakty mladých  |c A. Hanzlíková 
250 |a 1. vyd. 
260 |a Bratislava  |b Živena  |c 1989 
650 0 7 |a láska  |2 SNKPH  |9 4351 
650 0 7 |a manželstvo  |2 SNKPH  |9 659 
650 0 7 |a sex  |2 SNKPH  |9 2586 
655 7 |a populárno-náučné publikácie  |2 SNKPH  |9 70460 
919 |a 80-85177-04-8 
958 |a OND 
958 |a LX 
958 |a EUIPO 
999 |c 999399  |d 1001329 
952 |a SNK  |b SNK  |y PREZ  |7 0  |p 17A0786395  |o snkSE 8065  |0 0  |1 0  |4 0  |d 2012-01-24  |f 1  |l 0  |r 2026-02-24 12:15:09  |w 2026-02-24 
952 |t P60, <04>, [BOOK], {604}  |a SNK  |b SNK  |y VYP  |7 0  |p 17A0143050  |o snkSE 8065 D1  |0 0  |1 0  |4 0  |d 1998-06-08  |l 0  |r 2004-12-31 00:00:00  |w 2026-02-24